| 000 | 00496nam a22001697a 4500 | ||
|---|---|---|---|
| 003 | BD-DhUL | ||
| 005 | 20181211095442.0 | ||
| 008 | 181211s1950 pk ||||| |||| 00| 0 urd d | ||
| 040 |
_aBD-DhUL _cBD-DhUL |
||
| 082 |
_a891.433 _bSAP |
||
| 100 | 0 | _aسعیدہ عبدل | |
| 245 | 1 | 0 |
_aپر چھائیاں : افسانہ / _cسعیدہ عبدل |
| 260 |
_aکراچی : _bایوان اشاعت، _c۱۹۵۰۔ |
||
| 300 |
_aص۔ ۲۱۶ ؛ _c۱۸ سم۔ |
||
| 650 | 4 | _aUrdu fiction | |
| 942 |
_2ddc _cBK |
||
| 999 |
_c245196 _d245196 |
||